Statistics for Countries that no longer have nukes

Click here to take the quiz!

General Stats

  • This quiz has been taken 38 times
  • The average score is 4 of 5

Answer Stats

Hint Answer % Correct
AfricaSouth Africa
91%
EuropeUkraine
91%
EuropeBelarus
82%
AsiaKazakhstan
82%
Asia/ EuropeSoviet Union
26%

Score Distribution

Percentile by Number Answered

Percent of People with Each Score

Your Score History

You have not taken this quiz